000 01849nam a2200469 i 4500
999 _c50873
_d50873
001 50873
003 ES-MaCES
005 20190409134839.0
008 180731s2012 sp 000 | spa d
017 _aM 29802-2012
_bDL
020 _a9788494001451
040 _aES-MaCES
_bspa
_cES-MaCES
041 1 _aspa
_hfre
100 1 _aPrada Blanco, Albino
_938777
245 0 3 _aLa naturaleza no tiene precio
_b: lo que oculta la economía verde
_credactado por, Geneviève Azam, Ghristophe Bonneuil y Maxime Combes ; tras intercambios de puntos de vista con miembros de la Comisión de Ecología y Sociedad y Attac Francia ; trad. de Iván Barbeitos García ; pr. a la ed. esp., Liliana Pineda
250 _a1ª ed
260 _aMadrid
_bClave intelectual
_c2012
300 _a140 p.
_c22 cm
490 1 _aEconomía
500 _aTraducción de: La nature n'a pas de prix, les méprises de l'économie verte
541 _cCompra
650 4 _amedio ambiente
_928715
650 4 _aconservación de la naturaleza
_928754
650 4 _aconservación de los recursos
_928755
650 4 _aprotección ambiental
_929423
650 4 _adesarrollo sostenible
_930785
650 4 _acapitalismo
_927116
650 4 _adegradación del medio ambiente
_930722
650 4 _aevaluación del impacto ambiental
_930344
653 1 0 _aMedio ambiente
700 1 _aAzam, Geneviève
_96794
700 1 _aBonneuil, Ghristophe
_939224
700 1 _aCombes, Maxime
_939225
700 1 _aGarcía Barbeitos, Iván
_912778
_etr.
700 1 _aPineda, Liliana
_939226
_eed. lit.
710 2 _939228
_aComisión de Ecología y Sociedad
710 2 _939227
_aATTAC Francia
740 3 2 _aLa nature n'a pas de prix, les méprises de l'économie verte
830 0 _938771
_aEconomía (Clave Intelectual)
902 _aLIB Libro
942 _2CES
_cBK
_h4.2.